000
00355pab a2200157 454500
008
180718b2013 xxu||||| |||| 00| 0 eng d
100
_a
Jena, Manipadma
245
_a
Voices from Niyamgiri
260
_c
2013
300
_a
p.14-16.
362
_a
Sep
650
_a
Tribes
773
_a
Economic and Political Weekly
908
_a
N
909
_a
103309
999
_c
103305
_d
103305